Score 0/28 Timer 04:00
1 Play Today
Clue Answer % Correct
★ Curious, red, ticklish Muppet ★ELMO
95.4%
Ten-cent coinDIME
93.2%
★ 8-foot, yellow; he's Big _____BIRD
91.9%
★ Ernie's Unibrowed friend Muppet ★BERT
87%
Chess piece with lowest valuePAWN
86.3%
Trees with spreading branchesELMS
86.1%
BucketPAIL
83.9%
Large bundle of hayBALE
83.3%
Physical suffering or distressPAIN
82.2%
Scoop water out of a boatBAIL
81.2%
House for animalsBARN
80.7%
Formal partyBALL
80.6%
Changes in the car from high beam to low beamDIMS
79.7%
Poet and possible storytellerBARD
79.5%
Clue Answer % Correct
★ Organizing girl Muppet: Prairie ___DAWN
78.7%
1995 movie about a pig & sheepdogsBABE
78.6%
Quarterback for Green Bay: ____ Starr ('56-'71)BART
78.5%
Mild curse wordDARN
78.4%
Charitable donations to the poor or needyALMS
76.2%
Objectives, intentionsAIMS
74.4%
Urgent; desperateDIRE
74.3%
Small growth or lump on the skinWART
74.1%
Tie up, such as hairBIND
71.6%
Send by telegraphWIRE
71%
''A _____ in the Road'' (N. Sparks novel)BEND
70.2%
Merchandise for sale (usually plural)WARE
69.3%
Determined, set towards a goalBENT
68.2%
★ Adventurous muppet: _____ Bear ★BABY
54.9%

Today's Daily Dose

Quick Pick
Colorful Movies

Get the Picture
Dog Breeds II

Remove Ads.
Support Sporcle.
Get the best of Sporcle when you Go Orange. This ad-free experience offers more features, more stats, and more fun while also helping to support Sporcle. Thank you for becoming a member.

You're not logged in!

Compare scores with friends on all Sporcle quizzes.
OR
Log In

Show Comments

Extras

Top Quizzes Today


Score Distribution

Your Account Isn't Verified!

In order to create a playlist on Sporcle, you need to verify the email address you used during registration. Go to your Sporcle Settings to finish the process.

Report this User

Report this user for behavior that violates our Community Guidelines.

Details: